000 00673nam a22002177a 4500
999 _c17469
_d17469
003 AR-CdUCM
008 190508b ||||| |||| 00| 0 spa d
040 _aMUNICIPALIDAD PROVINCIAL DEL CUSCO
_cBIBLIOTECA MUNICIPAL DEL CUSCO
082 _a920 /
_bIR75
100 _aIrving, Washington
_910258
245 _aCrónicas del caballero Geoffrey Crayon /
260 _aBuenos Aires :
_bPlaza & Janes,
_c1967.
300 _a463 páginas ;
_c18 cm.
505 _aContenido: Crónica
650 _aHistoria
_9136
650 _aCrónicas
_9247
650 _aAventuras
_927395
700 _aMayer, Gerardo (traductor)
_937506
942 _2ddc
_cLIBROS
945 _aacv
_d2019-05-08